| 000 | 01047nam a2200217Ia 4500 | ||
|---|---|---|---|
| 003 | Ost | ||
| 005 | 20260507075738.0 | ||
| 008 | 260507s9999||||xx |||||||||||||| ||und|| | ||
| 040 | _cfsecg | ||
| 041 | _aara | ||
| 082 | _a338.5 | ||
| 100 |
_aالنصر، محمد محمود _eمؤلف |
||
| 245 | 0 |
_aمبادئ الاقتصاد الجزئي / _c محمد محمود النصر |
|
| 260 |
_aعمان: _bدار الأمل, _c1989 |
||
| 300 |
_a392 صفحة؛ _bإيضاحات ؛ _c25 سم |
||
| 504 | _aالمصطلحات بالأنجليزية ص.374 | ||
| 520 | _aمفاهيم عامة،ما هو الاقتصاد،الطلب والعرض،المرونة،سلوك المستهلك،الانتاج والتكاليف،المنافسة الكاملة،الاحتكار التام،المنافسة الاحتكارية،احتكار القلة،سوق عناصر الانتاج،مواضيع خاصة | ||
| 653 | _aالاقتصاد الجزئي | ||
| 700 |
_aشامية، عبد الله محمد _eمؤلف ثانوي |
||
| 942 | _cكتاب | ||
| 999 |
_c46119 _d46119 |
||